000 00372nam a22001337a 4500
005 20151211155216.0
008 151211b xxu||||| |||| 00| 0 eng d
040 _cPK-LaUMT
082 _aMSC 954.092
_bSAH-
245 _aصحیفہ کتاب غالب
_cوحید قریشی(مرتب
260 _aلاہور
_bمجلس ترقی ادب
_c2008
300 _a492 ص
942 _cBK
999 _c80929
_d80929